|
|
|
|
| LEADER |
00000nab a2200000 ar4500 |
| 001 |
vtls009483721 |
| 003 |
SK-MaSNL |
| 005 |
20260305000744.0 |
| 008 |
090316c2008 xo |||||| | ||00 b|slo |
| 015 |
|
|
|a SNBRB2009/03
|2 snkbucl
|
| 038 |
|
|
|a SNKBUCL
|
| 040 |
|
|
|a SNKBUCL
|b slo
|c SNKBUCL
|e AACR2
|
| 041 |
0 |
|
|a slo
|
| 044 |
|
|
|a xo
|c SK
|
| 080 |
|
|
|a 364.692:[663.51:615.015.6]
|2 2001
|
| 080 |
|
|
|a 613.81
|2 2001
|
| 080 |
|
|
|a 178.1
|2 2001
|
| 080 |
|
|
|a 061.23-056.85
|x (437.6)
|2 2001
|
| 080 |
|
|
|a 061.3
|2 2001
|
| 100 |
1 |
|
|a Dudák, Ján
|4 aut
|9 272049
|
| 245 |
1 |
0 |
|a XV. kongres Asociácia klubov abstinujúcich
|c Ján Dudák
|
| 246 |
3 |
|
|a Pätnásty kongres Asociácia klubov abstinujúcich
|
| 610 |
2 |
7 |
|a Asociácia klubov abstinujúcich Slovenska.
|b Kongres
|d (2008)
|2 snkbucl
|9 1575562
|
| 650 |
0 |
7 |
|a alkoholizmus
|2 snkbucl
|9 14184
|
| 650 |
0 |
7 |
|a kluby abstinujúcich
|2 snkbucl
|9 879827
|
| 650 |
0 |
7 |
|a abstinujúci alkoholici
|2 snkbucl
|9 118623
|
| 650 |
0 |
7 |
|a abstinentské hnutie
|2 snkbucl
|9 120521
|
| 773 |
0 |
|
|t Humanita
|g Roč. XVII, č. 7 (2008), s. 7
|x 1336-2208
|
| 852 |
|
|
|a SNK
|b KIS3GCP
|
| 999 |
|
|
|c 3215439
|d 3217369
|